000 00985nam0a22002651 4500
001 rc\4885948
005 20250613030400.0
021 _aRU
_b[68-60374]
035 _a(NLR Aleph) 008919233
090 _a8813377
_c8813377
100 _a20130426d1968 |||y0rusy50 ca
101 0 _arus
102 _aRU
105 _aa b |||||
200 1 _aСокровища Алмазного фонда СССР
_eКаталог выставки
_f[Сост. и авт. вступ. статьи К.В. Донова
_gМ-во финансов СССР
210 _aМосква
_cСов. художник
_d1968]
215 _a[55] с.
_cил.
_d16
606 _aЮвелирные изделия
_xВыставки
_yМосква
_2psbo
606 _aАлмазы
_xВыставки
_yМосква
_2psbo
702 1 _aДонова
_bК.В.
_gКира Владимировна
_4220
_4080
801 0 _aRU
_bNLR
_gpsbo
801 1 _aRU
_bELAR
_2rusmarc
852 _aNLR
_j68-2/2258
942 _cBOOK
980 _aNB